Las indemnizaciones frente al impuesto a las ganancias y al impuesto al valor agregado (Registro nro. 19986)
[ vista simple ]
| 000 -LEADER | |
|---|---|
| fixed length control field | 00404 a2200121 4500 |
| 001 - CONTROL NUMBER | |
| control field | ART_41596 |
| 005 - DATE AND TIME OF LATEST TRANSACTION | |
| control field | 20260410161754.0 |
| 008 - FIXED-LENGTH DATA ELEMENTS--GENERAL INFORMATION | |
| fixed length control field | 260409a |
| 100 1# - MAIN ENTRY--PERSONAL NAME | |
| Personal name | D´Alessandro, Valeria P. |
| 245 10 - TITLE STATEMENT | |
| Title | Las indemnizaciones frente al impuesto a las ganancias y al impuesto al valor agregado |
| 700 1# - ADDED ENTRY--PERSONAL NAME | |
| Personal name | Gotlib, Gabriel |
| 773 0# - HOST ITEM ENTRY | |
| Title | Doctrina tributaria |
| Related parts | - Nº 377 (ago. 2011) |
| Record control number | REV4296 |
No hay ítems disponibles.